Catholic Dioceses of Texas (with Map) - Statistics

General Stats
  • This quiz has been taken 43 times
  • The average score is 10 of 15
Answers on the Map
Answers color-coded by a green-red scale on the quiz's map according to % correct below.
 
Answer Stats
Diocese % Correct
Galveston-Houston
100%
Dallas
97%
El Paso
95%
Austin
89%
San Antonio
84%
Corpus Christi
81%
Fort Worth
81%
Amarillo
73%
Brownsville
57%
Laredo
57%
Lubbock
57%
Tyler
49%
Beaumont
32%
Victoria
30%
San Angelo
24%
No matching quizzes found
Score Distribution
Percent of People with Each Score
Percentile by Number Answered
Your Score History
You have not taken this quiz